Výnosy a náklady brzkého a pozdějšího přijetí eura

Posúdenie prijatia eura Českou republikou. Výnosy a náklady vyplývajúce z prijatia eura. Obmedzenie kurzových rizík na krajiny mimo eurozóny. Zníženie transakčných nákladov a uľahčovanie obchodu. Náklady prijatia eura. Strata samostatnej menovej a kurzovej politiky. Postup k jednému štátu bez hlaso...

Descrizione completa

Salvato in:
Dettagli Bibliografici
Autore principale: Machala, Karel
Natura: Capitolo di libro
Lingua:ceco
Soggetti:
Tags: Aggiungi Tag
Nessun Tag, puoi essere il primo ad aggiungerne!!

MARC

LEADER 00000naa$a2200000$$$4500
001 0071761
005 20231010095054.7
041 0 |a cze 
044 |a CZ 
245 1 0 |a Výnosy a náklady brzkého a pozdějšího přijetí eura  |c Karel Machala 
520 |a Posúdenie prijatia eura Českou republikou. Výnosy a náklady vyplývajúce z prijatia eura. Obmedzenie kurzových rizík na krajiny mimo eurozóny. Zníženie transakčných nákladov a uľahčovanie obchodu. Náklady prijatia eura. Strata samostatnej menovej a kurzovej politiky. Postup k jednému štátu bez hlasovania občanov. 
610 2 0 |a výnosy 
610 2 0 |a náklady 
610 2 0 |a euro 
610 2 0 |a eurozóna 
610 2 0 |a riziko kurzové 
610 2 0 |a politika menová 
100 1 |a Machala, Karel